| 000 | 00678nam a22001937a 4500 | ||
|---|---|---|---|
| 003 | OSt | ||
| 005 | 20240828113821.0 | ||
| 008 | 240828b ||||| |||| 00| 0 eng d | ||
| 040 | _cAIMIT LIBRARY | ||
| 100 |
_aMerlin. _e2216102 _9178085 |
||
| 245 |
_aStudy on financial performance analysis of selected steel companies if India / _cBy Merlin ; Guided by Steevan D Souza N. |
||
| 260 |
_aBengaluru : _c2024. |
||
| 650 |
_aResearch questions Scopy of the study _9178086 |
||
| 650 |
_aAltman bankruptcy model _9178087 |
||
| 650 |
_aManagerial implication _9178088 |
||
| 700 |
_aD Souza Steevan N. _eGuide _9178089 |
||
| 856 |
_3KIOCL Limited _ywww.kioclltd.in |
||
| 942 |
_2ddc _cPRO |
||
| 999 |
_c231623 _d231623 |
||